000 00609nam a2200181Ia 4500
008 120911t2010 xxu||||| |||| 00| 0 sin d
041 _asin
080 _a8 S 31 (eng)
_bWAR
100 _aWarner, Gertrude Chandler
245 _aදර මඩුවේ අභිරහස පෙට්ටි ගෙදර දරුවෝ 7
246 _aDara Maduwe Abhirahasa Petti Gedara Daruwo 7
260 _aSuleka Publishers
_aMulleriyawa Nawa Nagaraya
_c2010
300 _b150p, ill, 21 cm
700 _aSubhasinghe, Sandhya Kumuduni
_etr.
942 _cBK
999 _c42184
_d42184
003 LK-CoDNM
040 _aLK-CoDNM
_dLK-CoDNM
_eLK-CoDNM